Κατάλογος Βιβλιοθηκών Mediterranean College

Εμπορική Τράπεζα / Ενημερωτικό Δελτίο για την Αύξηση του Μετοχικού Κεφαλαίου (Record no. 5208)

MARC details
000 -LEADER
fixed length control field 01559cam a22001694a 4500
005 - ΗΜΕΡΟΜΗΝΙΑ ΚΑΙ ΩΡΑ ΤΕΛΕΥΤΑΙΑΣ ΕΝΗΜΕΡΩΣΗΣ
Πεδίο ελέγχου 20250605163454.0
008 - FIXED-LENGTH DATA ELEMENTS--GENERAL INFORMATION
Πεδίο ελέγχου σταθερού μήκους 250528s ||||||||||||||||||||||||d
035 ## - SYSTEM CONTROL NUMBER
System control number 20024
040 ## - ΠΗΓΗ ΚΑΤΑΛΟΓΟΓΡΑΦΗΣΗΣ
Φορέας πρωτότυπης καταλογογράφησης MC Athens Campus Library
Γλώσσα καταλογογράφησης Ελληνικά, Μοντέρνα (1453-)
Modifying agency MC Athens Campus Library
Κανόνες περιγραφικής καταλογογράφησης AACR2
245 1# - ΤΙΤΛΟΣ ΚΑΙ ΔΗΛΩΣΗ ΥΠΕΥΘΥΝΟΤΗΤΑΣ
Τίτλος Εμπορική Τράπεζα / Ενημερωτικό Δελτίο για την Αύξηση του Μετοχικού Κεφαλαίου
260 ## - PUBLICATION, DISTRIBUTION, ETC.
Name of publisher, distributor, etc. Εμπορική Τράπεζα,
Date of publication, distribution, etc. 1999
300 ## - PHYSICAL DESCRIPTION
Extent 264
520 ## - SUMMARY, ETC.
Summary, etc. Συνοπτικά Στοιχεία Έκδοσης, Αυξηση του Μετοχικού Κεφαλαίου και Διαδικασία Διάθεσης των Νέων Μετοχών, Δικαιώματα Μετοχών, Πληροφορίες για την Τράπεζα, Ο Τραπεζικός Κλάδος στην Ελλάδα, Απολογιστικά Στοιχεία Δραστηριότητας της Τράπεζας Χρήσεων 1994-1998, Απολογιστικά Στοιχεία Δραστηριότητας του Ομίλου Χρήσεων 1994-1998, Ανάλυση Λογιστικής Κατάστασης της 31.3.1999, Προβλέψεις Εργασιών και Αποτελεσμάτων Χρήσεως 1999, Αναπτυξιακοί Στόχοι - Προοπτικές της Τράπεζας, Χρηματιστηριακή Πορεία - Χαρακτηριστικά Μετοχής, Μερισματική Πολιτική, Τιμή Διάθεσης των Νέων Μετοχών, Παράρτημα.
942 ## - ADDED ENTRY ELEMENTS (KOHA)
Koha item type Books
Holdings
Τύπος τεκμηρίου Βιβλιοθήκη Τρέχουσα τοποθεσία Barcode Αριθμός εισαγωγής Ημερομηνία απόκτησης Ταξιθετικό σύμβολο Αριθμός αντιτύπου Κατάσταση απόσυρσης Κατάσταση χαμένου Κατάσταση κατεστραμμένου Μη δανεισμός Σύνολο δανεισμών Ημερομηνία τελευταίας εμφάνισης Η τιμή ισχύει από
Books MC Athens Campus Library MC Athens Campus Library 9780000052070 6236 05/06/2025 346.066 EMP 1           05/06/2025 05/06/2025

MC Athens Campus Library
Πατησίων 94 & Κοδριγκτώνος 13, 104 34
Πελλήνης 8 & Πατησίων 107, 112 51
Τ: +30 210 8899600

MC Thessaloniki Campus Library
Ίωνος Δραγούμη 21, 54625 | Ίωνος Δραγούμη 15, 54625
Τ: +30 2310 287779 – Τ: +30 2314 440300